000 01421cab a2200253 4500
001 ABS55348
008 090401t1995 xxu||||| |||| 00| 0 eng d
035 _a(Sirsi) u15896
041 _aeng
245 _aGlengate-KG Properties Ltd v Norwich Union Fire Insurance Society Ltd and Others
260 _c1995
350 _a0
490 _aAll England Law Reports
_v(1995) 2 All ER 487-505 (10)
520 _aCA 21 December 1995. G took out a consequential loss policy with N for the purposes of a redevelopment project. Under the policy< N agreed to indemnify G for loss of anticipated rent. The insurance was subject to a material damage proviso. In September 1995, a fire destroyed the architects office and severla documents including work-in-progress drawings whci were not insured. The development was delayed. G commenced proceedings against N and the judge held in favour of G that the drawings constituted property used by G within the meaning of the policy and that G had no insurable interest in them under the material damage proviso. N appealed, G cross-appealed. Both appeals dismissed.
650 _aARCHITECTS' DRAWINGS
650 _aCONSEQUENTIAL LOSS
650 _aDOCUMENTS
650 _aFIRE DAMAGE
650 _aGLENGATE-KG PROPERTIES LTD V NORWICH UNION FIRE INSURANCE SOCIETY LTD
650 _aINSURANCE POLICIES
690 _aINSURANCE-CASE LAW
942 _n0
948 _c04/03/1997
999 _c10464
_d10464